01084cam a22002414a 4500008004100000020001500041040002800056050002200084082001500106245012300121246004200244250001200286260005200298300003500350504004100385650003300426650004300459650002800502700002300530856009200553856010600645856009100751080522s2003 maua b 000 0 eng  a0072480424 aDLCcDLCdDLCdEC-GiCUC00aRC454b.T286 200900a616.8922200aTaking sides.pClashing views in abnormal psychology /cselected, edited, and with introductions by Richard P. Halgin.30aClashing views in abnormal psychology a2nd ed. aBoston :bMcGraw-Hill Higher Education,cc2003. axxvi, 476 p. :bill. ;c24 cm. aIncludes bibliographical references. 0aMental illnessvMiscellanea. 0aPsychology, PathologicalvMiscellanea. 0aReasoningvMiscellanea.1 aHalgin, Richard P.413Table of contents onlyuhttp://www.loc.gov/catdir/enhancements/fy0838/2008273855-t.html423Contributor biographical informationuhttp://www.loc.gov/catdir/enhancements/fy0838/2008273855-b.html423Publisher descriptionuhttp://www.loc.gov/catdir/enhancements/fy0838/2008273855-d.html